02593nam a2200349 a 4500001000700000003000500007005001700012007000300029008004100032010001100073020001800084040001700102041002500119082003200144100005600176245010400232250002200336264003100358300005400389336002800443337002700471338002900498500002200527504004000549505054200589520098801131650002602119650003202145650002102177650001702198650002802215Z_4259CHAP20250507125143.0ta220113s1993 mx a fr 001 0 spa d a167322 a968-24-4648-1 aZcCHAPerda0 bEspañolfEspañol a636.21420824 bF47 19932201 aFernández de Córdoba de la Barrera, Luiseautor10aReproducción aplicada en el ganado bovino lechero /cLuis Fernández de Córdoba de la Barrera aPrimera edición 1aMéxico :bTrillas,c1993 a137 páginas :bilustraciones, tablas, diagramas 2rdacontentatextobtxt  2rdamediaasin mediobn 2rdacarrieravolumenbnc  aej.1 - ej.3: C/E  aBibliografía: páginas 107 - 1120 aPrólogo -- Agradecimientos -- Introducción -- Cap. 1. Consideraciones generales -- Cap. 2. Manejo del parto -- Cap. 3. Manejo del puerperio -- Cap. 4. Reinicio de la actividad ovárica -- Cap. 5. Anestro -- Cap. 6. Detección de calores -- Cap. 7. Servicio -- Cap. 8. Diagnóstico de gestación -- Cap. 9. Anestro postservicio -- Cap. 10. Seguimiento de la gestación y preparación al parto -- Cap. 11. Preparación al parto -- Cap. 12. Medicina preventiva -- Bibliografía -- Ilustraciones en color -- Índice analítico. aEl continuo crecimiento de la población mundial provoca que la demanda alimenticia crezca a un ritmo más acelerado que la producción de satisfactores. Ante esta situación, resulta prioritario impulsar a las industrias ganadera y lechera; sin embargo, para mejorar la producción de un hato lechero se requiere conocimientos profundos, tanto del proceso reproductivo como de los métodos y técnicas para manejarlo y controlarlo. Esta guía teoricopráctica está dedicada al ganadero, al médico veterinario zootecnista y a todas las personas relacionadas con la producción lechera. Su objetivo es dar a conocer el proceso reproductivo en sus diferentes etapas: parto, puerperio, ciclo estral, inseminación artificial y gestación, a fin de que el interesado aprenda a mejorar tanto la producción como la productividad del ganado lechero, y sea capaz de resolver los problemas que se presentan al aplicar los métodos y las técnicas de reproducción bovina.13aGanado bovino lechero13aReproducción de animales 13aPeriodo posparto13aCiclo estral13aPartos en ganado bovino